| 000 | 00426nam a2200145 a 4500 | ||
|---|---|---|---|
| 001 | 000029908 | ||
| 005 | 20210628225112.0 | ||
| 008 | 110426s1989 dr 000 0 spa d | ||
| 040 |
_aDO-SdBNP _bspa _cBNPHU |
||
| 245 | 0 | 0 | _aManual de prácticas de laboratorio de circuitos I/. |
| 260 |
_aSanto Domingo : _bUADS, _c1989. |
||
| 300 |
_a80 p. ; _c28 cm. |
||
| 710 |
_aUniversidad Autónoma de Santo Domingo _976692 |
||
| 049 | _aBNPD | ||
| 999 |
_c29400 _d29400 |
||